Serbia City Quiz - Statistics

General Stats
  • This quiz has been taken 50 times
  • The average score is 5 of 7
Answer Stats
City % Correct
Belgrade
98%
Novi Sad
98%
Nis
88%
Kragujevac
78%
Subotica
78%
Pancevo
39%
Novi Pazar
32%
No matching quizzes found
Score Distribution
Percent of People with Each Score
Percentile by Number Answered
Your Score History
You have not taken this quiz